Deutsche Erfindungen - Statistiken

Allgemein
  • Dieses Quiz wurde 76 mal gespielt
  • Das Durchschnittsergebnis liegt bei 8 aus 20
Antwortstatistiken
Hinweis Antwort % Korrekt
Die Erfindung von Karl Benz Automobil
75%
Ort zum Bakterienzüchten {Petri}schale
71%
Starrer Luftschiff-Typ Zeppelin
70%
Suchtmachender Wirkstoff aus der Koka-Pflanze Kokain
68%
Ort zur Aufbewahrung deines fünfjährigen Kindes Kindergarten
65%
Der äußerste Planet im Sonnensystem Neptun
64%
Einsteins Theorie über Raum und Zeit Relativitätstheorie
54%
Bärige Süßigkeit Gummibärchen
52%
Frühlingszeitlicher Maskottchen-Hase Osterhase
49%
Die nächsten Verwandten des Homo sapiens Neandertaler
43%
„Proletarier aller Länder, vereinigt euch!“ Kommunismus
42%
Schmerzmittel, von Bayer synthetisiert Aspirin
36%
Erfindung von Fahrenheit Thermometer
33%
Suchtmittel zur Schmerzlinderung Morphium
23%
„O Tannenbaum...“ Weihnachtsbaum
20%
Polka-Instrument mit Balg Akkordeon
19%
Teilgebiet der Mathematik, gleichzeitig von Newton und Leibniz entwickelt Differenzialrechnung (oder: Analysis)
12%
Schwebendes Luftfahrzeug Hubschrauber
12%
Methode zur Einsicht in den Körper Röntgenbild
3%
Magnetisches Medium zur Tonaufzeichnung Tonbandgerät
1%
Keine übereinstimmenden Quizze gefunden
Verteilung der Resultate
Anzahl Personen mit jedem Resultat
Perzentil nach korrekt beantworteten Fragen
Ihre Resultats-Entwicklung
Sie haben dieses Quiz noch nicht gespielt